| 000 | 00497nam a22001817a 4500 | ||
|---|---|---|---|
| 008 | 131031b xxu||||| |||| 00| 0 ger d | ||
| 020 | _a3486223550 | ||
| 041 | 0 | _ager | |
| 080 | _a330.101.541 | ||
| 100 | 1 | _aRittenbruch, Klaus | |
| 245 | 1 | 0 |
_aMakroökonomie / _cKlaus Rittenbruch |
| 250 | _a8. Auflage | ||
| 260 |
_aMunchen : _bR. Oldenbourg ; _c1993. |
||
| 300 |
_a366 f. : _bme il. ; _c24 cm. |
||
| 505 | _aLiteraturhinweise zu kapitel 14 : f. 358 | ||
| 650 | _aMakroekonomia | ||
| 942 |
_2udc _cBK |
||
| 999 |
_c235 _d235 |
||